000 00595nam a2200193Ia 4500
003 SISC
005 20191121122919.0
008 140609s9999 xx 000 0 und d
020 _a971538191x
050 _aDS 688.S9
_b.T161 2005
100 _aTan, Samuel K.
245 _aSurat sug :
_bletters of the Sultanate of Sulu /
_cSamuel K. Tan,
260 _aManila, Philippines :
_bNational Historical Institute,
_c2005.
300 _a282 p. :
_bill. ;
_c24 cm.
500 _avol. II
650 _aSulu Archipelago (Philippines)
_xHistory -- Sources.
942 _kLOC
_cBK
_2lcc
999 _c118249
_d118249